000 01396cam a2200337 a 4500
999 _c234213
_d234213
001 12446960
003 Nust
005 20170315172824.0
008 010620s2002 mau 000 1 eng
010 _a 2001038234
020 _a9780747266938
040 _aDLC
_cDLC
_dDLC
043 _an-us-ca
050 0 0 _aPS3566.A822
_bA614 2002
082 0 0 _a813.54
_bPAT
100 1 _aPatterson, James,
_d1947-
245 1 0 _a2nd chance :
_ba novel /
_cby James Patterson with Andrew Gross.
246 3 _aSecond chance
250 _a1st ed.
260 _aBoston :
_bLittle, Brown,
_c2002.
300 _a434 p. ;
_c25 cm.
650 0 _aWomen detectives
_zCalifornia
_zSan Francisco
_vFiction.
650 0 _aWomen in the professions
_vFiction.
650 0 _aFemale friendship
_vFiction.
651 0 _aSan Francisco (Calif.)
_vFiction.
655 7 _aMystery fiction.
_2gsafd
700 1 _aGross, Andrew,
_d1952-
856 4 2 _3Publisher description
_uhttp://www.loc.gov/catdir/enhancements/fy0914/2001038234-d.html
856 4 2 _3Contributor biographical information
_uhttp://www.loc.gov/catdir/enhancements/fy1304/2001038234-b.html
906 _a7
_bcbc
_corignew
_d1
_eocip
_f20
_gy-gencatlg
942 _2ddc
_cBK